Quantum mechanics : (Record no. 52447)
[ view plain ]
| 000 -LEADER | |
|---|---|
| fixed length control field | 01008nam a2200313 a 4500 |
| 001 - CONTROL NUMBER | |
| control field | 52447 |
| 003 - CONTROL NUMBER IDENTIFIER | |
| rucl marc code | BD-RjUL |
| 005 - DATE AND TIME OF LATEST TRANSACTION | |
| control field | 20211209075816.0 |
| 008 - FIXED-LENGTH DATA ELEMENTS--GENERAL INFORMATION | |
| fixed length control field | 140206t1994 i a b 001 0 eng |
| 020 ## - INTERNATIONAL STANDARD BOOK NUMBER | |
| International Standard Book Number | 3540580808 |
| International Standard Book Number | 0387580808 |
| 035 ## - SYSTEM CONTROL NUMBER | |
| System control number | (BD-RjUL)52567 |
| 040 ## - CATALOGING SOURCE | |
| Original cataloging agency | DLC |
| Transcribing agency | DLC |
| Modifying agency | MYG |
| -- | BD- RjUL |
| Language of cataloging | eng |
| 041 1# - LANGUAGE CODE | |
| Language code of text/sound track or separate title | eng |
| Language code of original | ger |
| 082 04 - DEWEY DECIMAL CLASSIFICATION NUMBER | |
| Edition number | 23 |
| Classification number | 530.12 |
| Author mark and year | GRQ 1994 |
| 099 ## - LOCAL FREE-TEXT CALL NUMBER (OCLC) | |
| Bangla Class number | QC174.12.G7413 1989 |
| 100 1# - MAIN ENTRY--PERSONAL NAME | |
| Personal name | Greiner, Walter, |
| Dates associated with a name | 1935- |
| 9 (RLIN) | 26242 |
| 245 10 - TITLE STATEMENT | |
| Title | Quantum mechanics : |
| Remainder of title | symmetries / |
| Statement of responsibility, etc. | Walter Greiner, Berndt Müller ; with a foreword by D. A. Bromley |
| 250 ## - EDITION STATEMENT | |
| Edition statement | 2nd. rev. ed. |
| 260 ## - PUBLICATION, DISTRIBUTION, ETC. (IMPRINT) | |
| Place of publication, distribution, etc. | New York : |
| Name of publisher, distributor, etc. | Springer-Verlag, |
| Date of publication, distribution, etc. | c1994 |
| 300 ## - PHYSICAL DESCRIPTION | |
| Pagination | xx, 496 p: |
| Illustrations | ill. ; |
| Size | 24 cm. |
| 504 ## - BIBLIOGRAPHY, ETC. NOTE | |
| Bibliography, etc | Includes bibliographical references and index. |
| 650 #0 - SUBJECT ADDED ENTRY--TOPICAL TERM | |
| Topical term or geographic name as entry element | Quantum theory. |
| 9 (RLIN) | 45257 |
| Topical term or geographic name as entry element | Symmetry groups. |
| 9 (RLIN) | 20520 |
| Topical term or geographic name as entry element | Mathematical physics. |
| 9 (RLIN) | 45258 |
| 700 1# - ADDED ENTRY--PERSONAL NAME | |
| Personal name | Müller, Berndt , jt. auth. |
| Personal name | Bromley, D. A. , foreworder |
| 942 ## - ADDED ENTRY ELEMENTS (KOHA) | |
| Source of classification or shelving scheme | Dewey Decimal Classification |
| Koha item type | Books |
| Lost status | Source of classification or shelving scheme | Damaged status | Not for loan | Collection code | Permanent Location | Current Location | Shelving location | Date acquired | Source of acquisition | Cost, normal purchase price | Total Checkouts | Full call number | Date last seen | Copy number | Koha item type |
|---|---|---|---|---|---|---|---|---|---|---|---|---|---|---|---|
| Dewey Decimal Classification | Non-fiction | Central Library, University of Rajshahi | Central Library, University of Rajshahi | 07/10/1969 | Swets & zeitlinger | 88.00 | 530.12 GRU 1994 | 20/09/2016 | C-2 | Books | |||||
| Dewey Decimal Classification | Not For Loan | Non-fiction | Central Library, University of Rajshahi | Central Library, University of Rajshahi | Reading Room | 07/10/1996 | Syntex, Chittagong | 88.00 | 530.12 GRU 1994 | 21/11/2019 | C-1 | Books |